|
|
|
|
| LEADER |
01279nam a2200253 i 4500 |
| 003 |
GR-PaULI |
| 005 |
20231228131257.0 |
| 008 |
170804s1981 gr ||||g |||| 00| 1 gre d |
| 952 |
|
|
|0 0
|1 0
|2 ddc
|4 0
|6 813_540000000000000_MCC
|7 0
|9 214500
|a LISP
|b LISP
|c DON
|d 2017-08-04
|e ΒΑΛ
|l 0
|o 813.54 MCC
|p 025000246825
|r 2017-08-04 00:00:00
|t 1
|v 2017.00
|w 2017-08-04
|y BK15
|
| 952 |
|
|
|0 0
|1 0
|2 ddc
|4 0
|6 813_540000000000000_MCC
|7 0
|9 244104
|a LISP
|b LISP
|c DON
|d 2020-10-01
|e ΓΑΛ
|i 143670
|l 0
|o 813.54 MCC
|p 025000269934
|r 2020-10-01 00:00:00
|t 2
|v 2020.00
|w 2020-10-01
|y BKN
|
| 999 |
|
|
|c 130354
|d 130354
|
| 040 |
|
|
|a GR-PaULI
|b gre
|c GR-PaULI
|e AACR2
|
| 041 |
|
|
|a gre
|k eng
|
| 082 |
0 |
4 |
|2 23
|a 813.54
|
| 100 |
1 |
|
|9 46058
|a McCullers, Carson,
|d 1917-1967
|e συγγραφέας
|
| 245 |
1 |
0 |
|a Πρόσκληση σε γάμο /
|b Κάρσον ΜακΚάλερς ; μετάφραση Τζένη Μαστοράκη.
|
| 260 |
|
|
|a Αθήνα :
|b Γράμματα,
|c 1981.
|
| 300 |
|
|
|a 189 σ. ;
|c 21εκ.
|
| 490 |
1 |
|
|a Λογοτεχνία /Γράμματα
|
| 700 |
1 |
|
|a Μαστοράκη, Τζένη,
|d 1949-
|e μεταφράστρια
|9 28249
|
| 765 |
0 |
0 |
|i Μετάφραση του :
|t The member of the wedding
|
| 830 |
|
0 |
|a Λογοτεχνία (Γράμματα)
|9 156838
|
| 942 |
|
|
|2 ddc
|c BK15
|
| 998 |
|
|
|c ΣΑΤΛΑΝΗΣ
|d 2017-07
|